[Event "ch-ISR"]
[Site "Haifa ISR"]
[Date "2010.11.09"]
[Round "2.16"]
[White "Krayz,A"]
[Black "Givon,A"]
[Result "1/2-1/2"]
[WhiteElo "2339"]
[BlackElo "2226"]

1.e4 c5 2.Nf3 d6 3.Bb5+ Bd7 4.Bxd7+ Qxd7 5.O-O Nc6 6.b3 Nf6 7.Qe2 e6 8.Bb2 Be7
9.c4 O-O 10.d4 cxd4 11.Nxd4 a6 12.Rd1 Rfd8 13.Nc3 Nxd4 14.Rxd4 Qc6 15.Rad1 h6
16.a4 Nd7 17.R4d3 Bf8 18.Rg3 Qb6 19.Ba1 Ne5 20.Qb2 Rac8 21.Kh1 Ng6 22.f4 Qc5
23.Qe2 Kh7 24.Rgd3 Qc6 25.Qe3 Qc5 26.Qg3 Qh5 27.e5 Qf5 28.Ne2 d5 29.cxd5 exd5
30.Bc3 d4 31.Bd2 Qe4 32.Qf3 Qxf3 33.gxf3 Bc5 34.Be1 Ne7 35.Bh4 Rd7 36.Bxe7 Rxe7
37.Nxd4 Bxd4 38.Rxd4 Rc3 39.R4d3 Rxd3 40.Rxd3 Kg6 41.Kg2 Kf5 42.Kg3 g5 43.fxg5 hxg5
44.Rd5 Re6 45.Rd7 Rb6 46.Rxf7+ Kxe5 47.Kg4 Rxb3 48.Kxg5 Rb2 49.f4+ Ke6 50.Rf6+ Ke7
51.Rh6 b5 52.Rxa6 bxa4 53.h4 Rg2+ 54.Kf5 Ra2 55.Ra7+ Kf8 56.Kf6 Kg8 57.f5 a3
58.Ra8+ Kh7 59.Kf7 Rf2 60.f6 a2 61.Ra5 Kh6 62.Ke7 Kg6 63.h5+ Kh7 64.f7 Re2+
65.Kf8 Rf2 66.Ra6 Re2 67.Ra7 Kh6 68.Ra5 Kh7 69.Ra6 Rf2 70.Ra7 Kh6 71.Ra8 Kh7
72.Ke7 Re2+ 73.Kf6 Rf2+ 74.Ke7 Re2+ 75.Kf6  1/2-1/2

[Event "16th Bora Kostic Memorial"]
[Site "Vrsac SRB"]
[Date "2010.11.09"]
[Round "7"]
[White "Spasov,V"]
[Black "Kovacevic,A"]
[Result "1/2-1/2"]
[WhiteElo "2606"]
[BlackElo "2594"]

1.e4 c5 2.Nf3 d6 3.Bb5+ Bd7 4.Bxd7+ Qxd7 5.c4 Nf6 6.Nc3 g6 7.d4 cxd4 8.Nxd4 Bg7
9.h3 Qc7 10.b3 Qa5 11.Bd2 Nxe4 12.Nxe4 Qe5 13.Qb1 f5 14.Bc3 Qxe4+ 15.Qxe4 fxe4
16.Nb5 Bxc3+ 17.Nxc3 Nc6 18.Nxe4 O-O 19.f3 Rf5 20.Kd2 Rd8 21.Rhe1 d5 22.cxd5 Rfxd5+
23.Ke3 Nb4 24.Rec1 R5d7 25.Ke2 Nd5 26.Rc2 b6 27.g3 Nf6 28.Nxf6+ exf6 29.Rac1 Kf7
30.Rc7 Re8+ 31.Kf2 Ree7 32.Rxd7 Rxd7 33.Ke3 Re7+ 34.Kd4 Rd7+ 35.Ke4 Re7+
36.Kd5 Rd7+ 37.Kc6 Rd2 38.a4 Rd3 39.Rb1 Ke6 40.Kb7 Rd7+ 41.Ka6 Rc7 42.b4 h5
43.Re1+ Kd5 44.b5 g5 45.Re3 f5 46.f4 gxf4 47.gxf4 Kc4 48.Re5 Rf7 49.a5 bxa5
50.Kxa5 h4 51.Ka6 Kb4 52.Re6 Rd7 53.Re5 Rf7 54.Rd5 Kc4 55.Rd6 Kb4 56.Rd4+ Kc5
57.Rd8 Kb4 58.Rd4+ Kc5 59.Rd1 Kb4 60.Rb1+ Kc5 61.Ka5 Rb7 62.Rc1+ Kd4 63.Re1 Kc4
64.Re5 Rf7 65.Ka4 Rf6 66.Ka5 Rf7 67.Re1 Rb7 68.Re5 Rf7  1/2-1/2

[Event "Magistral Barcelona"]
[Site "Barcelona ESP"]
[Date "2010.11.12"]
[Round "9"]
[White "Cuartas,Ja"]
[Black "Alsina Leal,D"]
[Result "1-0"]
[WhiteElo "2534"]
[BlackElo "2527"]

1.e4 c5 2.Nf3 d6 3.Bb5+ Bd7 4.Bxd7+ Qxd7 5.c4 Nf6 6.Nc3 g6 7.O-O Bg7 8.d3 O-O
9.h3 Nc6 10.Be3 Rac8 11.Qd2 Rfd8 12.Bh6 Bh8 13.Rad1 Ne8 14.Nh4 Nd4 15.f4 f5
16.exf5 Nxf5 17.Nxf5 gxf5 18.Rf3 Bd4+ 19.Kh1 Kh8 20.Re1 Nc7 21.Ne2 Bf6 22.Ng3 Bd4
23.Bg5 Re8 24.Nh5 Ne6 25.Qe2 Nxg5 26.fxg5 Rg8 27.h4 Rce8 28.b3 b6 29.Qe6 Qxe6
30.Rxe6 Rgf8 31.Nf4 Be5 32.Nd5 Rf7 33.g3 Kg8 34.Kg2 Kf8 35.h5 Rb8 36.g6 hxg6
37.hxg6 Rg7 38.Rxf5+ Ke8 39.Rf7 Rb7 40.Rxe5  1-0

[Event "1st Open"]
[Site "Brno CZE"]
[Date "2010.11.14"]
[Round "1"]
[White "Mrva,V"]
[Black "Weiss,P"]
[Result "1-0"]
[WhiteElo "2128"]
[BlackElo "1845"]

1.e4 c5 2.Nf3 d6 3.Bb5+ Bd7 4.Bxd7+ Nxd7 5.d4 cxd4 6.Qxd4 Ngf6 7.O-O g6 8.Nc3 Bg7
9.Bg5 h6 10.Be3 O-O 11.Qd2 Ng4 12.Bf4 Rc8 13.Nd1 Kh7 14.h3 Nge5 15.Nxe5 Nxe5
16.c3 Nc4 17.Qd3 Qd7 18.Rc1 f5 19.f3 g5 20.Bg3 b6 21.b3 Ne5 22.Qe2 f4 23.Bf2 h5
24.Nb2 g4 25.hxg4 hxg4 26.Bd4 g3 27.Rfd1 Qe6 28.Kf1 Rh8 29.Ke1 Kg8 30.Kd2 Rh4
31.Rh1 Qh6 32.Rxh4 Qxh4 33.Rg1 Kf7 34.Qa6 Rh8 35.Bxe5 Bxe5 36.Nd3 Qh2 37.Nxe5+ dxe5
38.Qc4+ e6 39.Qf1 Qh4 40.Kc2 Qe7 41.Qb5 Rh2 42.Qxe5 Qa3 43.Qxf4+ Ke7 44.Qg5+ Kf7
45.Kb1 Qd6 46.Kb2  1-0

[Event "1st Open"]
[Site "Brno CZE"]
[Date "2010.11.14"]
[Round "1"]
[White "Heppell,I"]
[Black "Skokan,F"]
[Result "0-1"]
[WhiteElo "2122"]
[BlackElo "1836"]

1.e4 c5 2.Nf3 d6 3.Bb5+ Nc6 4.O-O Bd7 5.c3 Nf6 6.Re1 a6 7.Bf1 Bg4 8.d3 Qc7
9.Nbd2 e6 10.h3 Bh5 11.Qc2 Be7 12.Be2 Rc8 13.Nf1 Nd7 14.Ng3 Bg6 15.Be3 Bf6
16.Rac1 O-O 17.Qd2 Qa5 18.b3 d5 19.Bg5 Bxg5 20.Nxg5 h6 21.Nf3 dxe4 22.dxe4 Rfd8
23.Qc2 Nde5 24.Rcd1 Nxf3+ 25.Bxf3 Ne5 26.Be2 b5 27.f4 Nc6 28.f5 exf5 29.exf5 Bh7
30.Bf3 Qc7 31.Bxc6 Qxc6 32.Qf2 c4 33.b4 Rd3 34.Rxd3 cxd3 35.Qd4 Kf8 36.Qxd3 Qxc3
37.Qd6+ Kg8 38.Rd1 Re8 39.Kh2 Kh8 40.Qe7  0-1

[Event "16th Asian Games Rapid"]
[Site "Guangzhou CHN"]
[Date "2010.11.15"]
[Round "4"]
[White "Al Modiahki,M"]
[Black "Al Zendani,Z"]
[Result "1-0"]
[WhiteElo "2562"]
[BlackElo "2398"]

1.e4 c5 2.Nf3 d6 3.Bb5+ Bd7 4.Bxd7+ Qxd7 5.d4 cxd4 6.Nxd4 Nc6 7.c4 Nf6 8.Nc3 e6
9.O-O Be7 10.Be3 Ne5 11.Qe2 Rc8 12.b3 Neg4 13.Bd2 a6 14.h3 Ne5 15.Rad1 Qc7
16.f4 Nc6 17.Nxc6 Qxc6 18.e5 dxe5 19.fxe5 Nd7 20.Qg4 g6 21.Bh6 Qc5+ 22.Kh1 Qxe5
23.Qf3 f5 24.Rfe1 Qf6 25.Qxb7 Rd8 26.Qc6 Kf7 27.Rxd7 Rxd7 28.Qxd7 Rd8 29.Qc6 Rd6
30.Qf3 g5 31.Ne4  1-0

[Event "16th Asian Games Rapid"]
[Site "Guangzhou CHN"]
[Date "2010.11.15"]
[Round "5"]
[White "Lee,Ki"]
[Black "Odeev,H"]
[Result "0-1"]
[WhiteElo "1945"]
[BlackElo "2405"]

1.e4 c5 2.Nf3 d6 3.Bb5+ Nd7 4.O-O a6 5.Bxd7+ Bxd7 6.c3 Nf6 7.Re1 e6 8.d4 Be7
9.c4 cxd4 10.Nxd4 O-O 11.Nc3 Qc7 12.b3 b5 13.Bb2 bxc4 14.Rc1 Qb7 15.e5 dxe5
16.Rxe5 Rfe8 17.Rg5 h6 18.Rg3 e5 19.Nc2 cxb3 20.axb3 Qxb3 21.Ba1 Qe6 22.Ne3 Rac8
23.Rb1 Bc5 24.Rc1 Be7 25.Rb1 Bc5 26.Qc2 Bd4 27.Qd2 Bxc3 28.Bxc3 Ne4 29.Qb2 Nxc3
30.Re1 Bb5 31.Kh1 Ne4 32.Rf3 Red8 33.Nf5 Ng5 34.Rfe3 Qxf5 35.h4 Rc2  0-1

[Event "16th Asian Games Rapid"]
[Site "Guangzhou CHN"]
[Date "2010.11.15"]
[Round "7"]
[White "Mok Tze Meng"]
[Black "Battulga,N"]
[Result "0-1"]
[WhiteElo "2394"]
[BlackElo "2428"]

1.e4 c5 2.Nf3 d6 3.Bb5+ Nc6 4.Bf1 Nb8 5.Bb5+ Nc6 6.Bxc6+ bxc6 7.O-O Bg4 8.h3 Bh5
9.Re1 e6 10.e5 d5 11.d3 Ne7 12.c4 Bxf3 13.Qxf3 Nf5 14.Nc3 Be7 15.b3 O-O 16.Ba3 f6
17.Na4 Qa5 18.Rac1 fxe5 19.Rxe5 Bf6 20.Rxe6 Nd4 21.Qg4 h5  0-1

[Event "VI World Blitz"]
[Site "Moscow RUS"]
[Date "2010.11.16"]
[Round "2.2"]
[White "Movsesian,S"]
[Black "Grischuk,A"]
[Result "1/2-1/2"]
[WhiteElo "2721"]
[BlackElo "2771"]

1.e4 c5 2.Nf3 d6 3.Bb5+ Bd7 4.Bxd7+ Qxd7 5.c4 Nf6 6.Nc3 g6 7.d4 cxd4 8.Nxd4 Bg7
9.f3 O-O 10.Be3 Nc6 11.O-O e6 12.Rc1 Rac8 13.b3 Rfe8 14.Qd2 a6 15.Nde2 Qd8
16.Rfd1 Bf8 17.Kh1 Qa5 18.Qb2 Nd7 19.Rd2 b5 20.cxb5 axb5 21.Nd1 Nb4 22.Rxc8 Rxc8
23.Nf2 Qc7 24.h3 h5 25.Nd4 Qb7 26.a3 Nc6 27.Ne2 Qa6 28.Rd1 Ra8 29.Ra1 Bg7
30.Nd4 Qb6 31.Rd1 Nxd4 32.Bxd4  1/2-1/2

[Event "VI World Blitz"]
[Site "Moscow RUS"]
[Date "2010.11.16"]
[Round "11.7"]
[White "Movsesian,S"]
[Black "Nepomniachtchi,I"]
[Result "0-1"]
[WhiteElo "2721"]
[BlackElo "2720"]

1.e4 c5 2.Nf3 d6 3.Bb5+ Nd7 4.d4 Nf6 5.Nc3 cxd4 6.Qxd4 a6 7.Bxd7+ Bxd7 8.Bg5 Bc6
9.O-O-O h6 10.Bxf6 gxf6 11.Nd5 Rg8 12.g3 Bg7 13.Qe3 Rc8 14.Kb1 Qa5 15.Nh4 Qc5
16.Qxc5 dxc5 17.Nf5 Bf8 18.Nd6+ exd6 19.Nxf6+ Ke7 20.Nxg8+ Ke6 21.Rd2 Bg7
22.Rhd1 Rxg8 23.Rxd6+ Ke7 24.a3 h5 25.f3 h4 26.gxh4 Rh8 27.R6d2 Rxh4 28.Rg1 Be5
29.Rg8 Rh3 30.Rf2 Bd4 31.Rf1 Rxh2 32.Rg5 Ba4 33.c3 Bc2+ 34.Ka1 Be3 35.Re5+ Kf6
36.Rf5+ Ke6 37.Re1 Bb3 38.f4 Bd2 39.Rg1 Re2 40.Re5+ Kd6 41.Rf5 Rxe4 42.Rf6+ Kc7
43.Rf5 Kb6 44.Rf6+ Kb5 45.Rf1 Bc4 46.Rb1 Rxf4 47.a4+ Kxa4 48.Rb6 Ka5 49.Rxb7 Bd3
50.Rd1 Ra4+  0-1

[Event "ch-UKR w"]
[Site "Poltava UKR"]
[Date "2010.11.16"]
[Round "4"]
[White "Gritsayeva,O"]
[Black "Nesterovskaya,A"]
[Result "1/2-1/2"]
[WhiteElo "2301"]
[BlackElo "2176"]

1.Nf3 c5 2.e4 d6 3.Bb5+ Nc6 4.O-O Bg4 5.h3 Bxf3 6.Qxf3 a6 7.Bxc6+ bxc6 8.e5 d5
9.e6 fxe6 10.b3 g6 11.Bb2 Nf6 12.Re1 Bg7 13.Qe2 Qc8 14.Nc3 Nh5 15.Qxe6 Qxe6
16.Rxe6 Kd7 17.Ree1 Rhf8 18.Na4 Bxb2 19.Nxb2 Kd6 20.Re3 Rae8 21.Na4 e5 22.Rc3 Nf4
23.Re1 Ne6 24.Rce3 Nd4 25.Rc3 Ne6 26.Rce3 Nd4 27.Rc3 Ne6 28.Rce3 Nd4  1/2-1/2

[Event "1st Open"]
[Site "Brno CZE"]
[Date "2010.11.17"]
[Round "5"]
[White "Spanton,T"]
[Black "Veznik,Michael"]
[Result "0-1"]
[WhiteElo "2030"]
[BlackElo "1819"]

1.e4 c5 2.Nf3 d6 3.Bb5+ Bd7 4.Bxd7+ Nxd7 5.d4 Qa5+ 6.Bd2 Qb6 7.Nc3 Ngf6 8.d5 g6
9.O-O Bg7 10.Qe2 O-O 11.Rab1 Rac8 12.Nh4 e6 13.f4 exd5 14.exd5 Rfe8 15.Qf3 Qb4
16.Kh1 Ne4 17.Nxe4 Qxe4 18.c3 Nf6 19.Qh3 Qxd5 20.Rbd1 Qxa2 21.Bc1 d5 22.f5 Qc4
23.fxg6 hxg6 24.Rf4 Qe2 25.Rdf1 Re6 26.R4f2 Qxf2  0-1

[Event "Panam-Cont 2010"]
[Site "Cali COL"]
[Date "2010.11.17"]
[Round "2"]
[White "Estrada Nieto,J"]
[Black "Ruiz C,J"]
[Result "1/2-1/2"]
[WhiteElo "2329"]
[BlackElo "2107"]

1.e4 c5 2.Nf3 d6 3.Bb5+ Bd7 4.Bxd7+ Qxd7 5.O-O g6 6.c3 Bg7 7.d4 cxd4 8.cxd4 e6
9.Nc3 Ne7 10.Be3 O-O 11.Qd2 Na6 12.Bh6 Rfc8 13.Bxg7 Kxg7 14.Qf4 Ng8 15.Rad1 b5
16.Rd2 Rc4 17.Rfd1 Rac8 18.h4 b4 19.Ne2 Rc2 20.Ne1 Rxd2 21.Rxd2 d5 22.e5 Qb5
23.Nd3 Nb8 24.h5 Nd7 25.Kh2 a5 26.Qe3 Rc6 27.b3  1/2-1/2

[Event "III Iberoamerican D"]
[Site "Mexico City MEX"]
[Date "2010.11.17"]
[Round "5"]
[White "Felgaer,R"]
[Black "Ibarra Chami,L"]
[Result "1-0"]
[WhiteElo "2591"]
[BlackElo "2436"]

1.e4 c5 2.Nf3 d6 3.Bb5+ Nc6 4.O-O Bd7 5.Re1 Nf6 6.c3 a6 7.Ba4 b5 8.Bc2 Bg4
9.a4 Rb8 10.axb5 axb5 11.d4 cxd4 12.cxd4 e5 13.d5 Nd4 14.Nbd2 Be7 15.h3 Nxc2
16.Qxc2 Bd7 17.Nb3 O-O 18.Na5 Qc8 19.Qb3 Nh5 20.Bd2 Qe8 21.Rac1 Rb6 22.Rc7 Bd8
23.Ra7 Rb8 24.Nb7 Bb6 25.Nxd6 Qd8 26.Ra6 Qf6 27.Qa3 Nf4 28.Bxf4 Qxf4 29.Qc3 f6
30.Rxb6 Rxb6 31.Qc7 Rxd6 32.Qxd6 Bxh3 33.gxh3 Qxf3 34.Qe6+ Kh8 35.d6 f5 36.Qxe5 fxe4
37.Qd4 Qf6 38.Rxe4 Qxd4 39.Rxd4 Rd8 40.Kg2 Kg8 41.Kf3 Kf7 42.Ke4 Ke6 43.d7 g5
44.b4 h5 45.f3  1-0

[Event "Panam-Cont 2010"]
[Site "Cali COL"]
[Date "2010.11.18"]
[Round "3"]
[White "Fandino Reyes,R"]
[Black "Vargas,Edwin"]
[Result "1-0"]
[WhiteElo "2177"]
[BlackElo "2011"]

1.e4 c5 2.Nf3 d6 3.Bb5+ Bd7 4.Bxd7+ Nxd7 5.O-O Ngf6 6.Re1 e6 7.d3 Be7 8.Nc3 O-O
9.h3 Rc8 10.a4 a6 11.a5 h6 12.Bd2 Qc7 13.Qe2 e5 14.Nh4 Rfe8 15.Nf5 Bf8 16.Qf3 Re6
17.b3 Kh7 18.Ra4 Ng8 19.Nd5 Qd8 20.g3 Qe8 21.Kg2 Ne7 22.h4 Nxd5 23.exd5 Rf6
24.Bg5 Rg6 25.Qe4 Kg8 26.Bd2 Nf6 27.Qf3 h5 28.Bg5 Qd7 29.Ne3 Ng4 30.Nc4 Rc7
31.Nb6  1-0

[Event "VI World Blitz"]
[Site "Moscow RUS"]
[Date "2010.11.18"]
[Round "33"]
[White "Mamedov,Rau"]
[Black "Nepomniachtchi,I"]
[Result "1-0"]
[WhiteElo "2660"]
[BlackElo "2720"]

1.e4 c5 2.Nf3 d6 3.Bb5+ Nd7 4.O-O Nf6 5.Re1 a6 6.Bf1 g6 7.c3 Bg7 8.d4 e5
9.dxe5 dxe5 10.Bg5 O-O 11.a4 h6 12.Bh4 b6 13.Na3 Bb7 14.Qc2 Qc7 15.Rad1 Rfe8
16.Nc4 Re6 17.Bg3 Nh5 18.Ne3 Nxg3 19.hxg3 Nf6 20.Nd5 Nxd5 21.exd5 Rd6 22.Bc4 Re8
23.Qe2 Qc8 24.Nd2 f5 25.Ba2 b5 26.axb5 axb5 27.Qxb5 Ba6 28.Qa4 e4 29.Nc4 Bxc4
30.Bxc4 h5 31.Bb5 Rf8 32.Bc6 Qb8 33.Qc4 Qb6 34.b3 Rb8 35.Ra1 Kh7 36.Reb1 Rbd8
37.Ra6 Qc7 38.Rba1 e3 39.Ra7 exf2+ 40.Kf1 Qc8 41.Qxc5 f4 42.Qd4 R8d7 43.Bxd7 Rxd7
44.Rxd7 Qxd7 45.Ra7  1-0

[Event "Panam-Cont 2010"]
[Site "Cali COL"]
[Date "2010.11.19"]
[Round "5"]
[White "Arribas Robaina,M"]
[Black "Salazar,Au"]
[Result "1-0"]
[WhiteElo "2281"]
[BlackElo "2150"]

1.e4 c5 2.Nf3 d6 3.Bb5+ Nd7 4.O-O Nf6 5.Re1 a6 6.Bf1 e6 7.c3 Be7 8.d4 O-O
9.Nbd2 b6 10.e5 dxe5 11.dxe5 Nd5 12.Ne4 Qc7 13.Ng3 Bb7 14.Bd3 c4 15.Bc2 Rfe8
16.Qd4 g6 17.h4 Bf8 18.h5 Bg7 19.hxg6 hxg6 20.Bg5 Ne7 21.Bxe7 Rxe7 22.Qh4 Ree8
23.Be4 Bd5 24.Re3 Nxe5 25.Nxe5 Bxe5 26.Bxd5 exd5 27.Rae1 Re6 28.Nh5 gxh5
29.Rxe5 Rxe5 30.Qg3+ Kf8 31.Rxe5 Rc8 32.Qf4 Qc6 33.Rxh5 Re8 34.Qg5 Re1+ 35.Kh2 f6
36.Rh8+ Ke7 37.Qg7+ Ke6 38.Qg8+ Kd6 39.Qf8+ Re7 40.Qxf6+ Re6 41.Qf8+  1-0

[Event "16th Asian Games Team Men"]
[Site "Guangzhou CHN"]
[Date "2010.11.19"]
[Round "2"]
[White "Golizadeh,A"]
[Black "Nguyen Duc Hoa"]
[Result "0-1"]
[WhiteElo "2508"]
[BlackElo "2431"]

1.e4 c5 2.Nf3 d6 3.Bb5+ Bd7 4.Bxd7+ Qxd7 5.O-O Nf6 6.e5 dxe5 7.Nxe5 Qc8 8.d4 e6
9.Bg5 Be7 10.Nc3 O-O 11.Ne4 Nxe4 12.Bxe7 Re8 13.Bh4 Nd6 14.dxc5 Qxc5 15.Bg3 Nf5
16.Qh5 Re7 17.Bh4 f6 18.Nf3 Nc6 19.c3 Qc4 20.Bg3 Rd8 21.Rfe1 Rd5 22.Qh3 a5
23.a3 a4 24.Rad1 Red7 25.Rxd5 Rxd5 26.Bc7 Rb5 27.g4 Nfe7 28.g5 f5 29.g6 Nxg6
30.Ng5 Qg4+ 31.Qxg4 fxg4 32.Nxe6 Nh4 33.Re2 Rd5 34.Kf1 Nf3 35.Kg2 Rd1 36.Kg3 h5
37.Kf4 Ne7 38.Ke4 Kf7 39.Nd4 Ng5+ 40.Ke5 Nc6+ 41.Nxc6 bxc6 42.Kf5 Nf3 43.Bg3 Rd5+
44.Ke4 g5 45.Bc7 Ke6 46.Rc2 Rd7 47.Bb6 Nd2+  0-1

[Event "Panam-Cont 2010"]
[Site "Cali COL"]
[Date "2010.11.20"]
[Round "7"]
[White "Arribas Robaina,M"]
[Black "Guerrero,JuC"]
[Result "1-0"]
[WhiteElo "2281"]
[BlackElo "2254"]

1.e4 c5 2.Nf3 d6 3.Bb5+ Nc6 4.O-O Bg4 5.h3 Bd7 6.c3 Nf6 7.Re1 e6 8.d4 Be7
9.d5 Ne5 10.Bxd7+ Qxd7 11.Nxe5 dxe5 12.c4 O-O 13.Nc3 Bd8 14.Bg5 Kh8 15.Bxf6 gxf6
16.Qf3 Rg8 17.Rad1 Qe7 18.Re3 Ba5 19.Ne2 Rad8 20.Ng3 Bc7 21.Red3 Rd6 22.Nh5 f5
23.dxe6 fxe4 24.Qxe4 Rxd3 25.Rxd3 Qxe6 26.Ng3 b5 27.b3 bxc4 28.bxc4 Rd8 29.Rxd8+ Bxd8
30.Nf5 h6 31.g4 Bg5 32.Qa8+ Kh7 33.Qf8  1-0

[Event "TCh-AUT 2010-11"]
[Site "Graz AUT"]
[Date "2010.11.20"]
[Round "2.1"]
[White "Rozentalis,E"]
[Black "Kurnosov,I"]
[Result "0-1"]
[WhiteElo "2596"]
[BlackElo "2676"]

1.e4 c5 2.Nf3 d6 3.Bb5+ Nd7 4.d4 cxd4 5.Qxd4 a6 6.Bxd7+ Bxd7 7.Nc3 Rc8 8.O-O e5
9.Qd3 h6 10.a4 Nf6 11.Rd1 Be7 12.Nd2 Bg4 13.Re1 Be6 14.Nf1 O-O 15.Ne3 Qb6
16.Rd1 Rfe8 17.a5 Qc5 18.Bd2 Bd8 19.Na4 Qd4 20.Nc3 Qc5 21.Na4 Qd4 22.Nc3 Rc5
23.Qf1 Rc6 24.Be1 Qc5 25.Na4 Qa7 26.Qd3 Nh5 27.c4 Nf4 28.Qc2 Qb8 29.b3 Qc8
30.Bb4 Qb8 31.Qd2 Be7 32.Nb6 Bf8 33.Ned5 Ng6 34.Ba3 Qd8 35.Rac1 Qh4 36.f3 f5
37.Qf2 Qh5 38.b4 fxe4 39.fxe4 Be7 40.b5 axb5 41.cxb5 Rxc1 42.Rxc1 Bg5 43.Re1 Bh4
44.g3 Rf8 45.Qe2 Bg4 46.Qa2 Kh7 47.Bxd6 Rf3 48.gxh4 Bh3 49.Bxe5 Nxe5 50.Kh1 Nd3  0-1

[Event "TCh-FIN 2010-11"]
[Site "Joensuu FIN"]
[Date "2010.11.20"]
[Round "4.5"]
[White "Binham,T"]
[Black "Myller,J"]
[Result "1-0"]
[WhiteElo "2321"]
[BlackElo "2156"]

1.e4 c5 2.Nf3 d6 3.Bb5+ Bd7 4.a4 Nc6 5.O-O Nf6 6.Re1 a6 7.Bf1 g6 8.c3 Bg7
9.d4 cxd4 10.cxd4 d5 11.e5 Ne4 12.Nc3 Bf5 13.Qb3 e6 14.h3 h5 15.Be3 Na5 16.Qd1 Nxc3
17.bxc3 Rc8 18.Rc1 Bf8 19.Bg5 Be7 20.Bxe7 Qxe7 21.Nd2 h4 22.Qf3 Qa3 23.Qf4 Kd7
24.c4 dxc4 25.Nxc4 Nxc4 26.Bxc4 Qxa4 27.d5 exd5 28.Qd2 Ke8 29.e6 dxc4 30.exf7+ Kxf7
31.Qd5+ Kg7 32.Re7+ Kh6 33.Qd2+ g5 34.f4 Qa3 35.Re5 Rhf8 36.Rf1 Qd3 37.fxg5+ Kg6
38.Qb2 c3 39.Qb6+ Kxg5 40.Rf3 Qd2 41.g4 Qd1+ 42.Kg2 Qd2+ 43.Rf2 Qd3 44.Rexf5+ Rxf5
45.Rxf5+ Qxf5 46.gxf5 c2 47.Qg6+ Kf4 48.Qd6+ Kg5 49.Qe7+ Kf4 50.Qxh4+ Ke3
51.Qe7+ Kf4 52.Qd6+ Kg5 53.Qd2+  1-0

[Event "TCh-BEL 2010-11"]
[Site "Antwerpen BEL"]
[Date "2010.11.21"]
[Round "4.3"]
[White "Vedder,H"]
[Black "Decoster,F"]
[Result "1-0"]
[WhiteElo "2372"]
[BlackElo "2260"]

1.e4 c5 2.Nf3 d6 3.Bb5+ Nd7 4.d4 Nf6 5.Qe2 a6 6.Bxd7+ Nxd7 7.c3 e6 8.O-O Be7
9.Rd1 b6 10.Bf4 Bb7 11.dxc5 Nxc5 12.Bxd6 Nxe4 13.Be5 Qc8 14.Nbd2 Nxd2 15.Rxd2 O-O
16.Rad1 Rd8 17.Rxd8+ Bxd8 18.c4 Be7 19.Bd6 Bxd6 20.Rxd6 Qc7 21.Rd4 Rd8 22.Rxd8+ Qxd8
23.b4 h6 24.h3 Qd6 25.Qd2 Qc7 26.Qd4 Bxf3 27.gxf3 f6 28.h4 h5 29.a3 Kf7 30.Kg2 Ke7
31.Qe4 Kf7 32.f4 Ke7 33.f5 e5 34.Kf1 a5 35.Qd5 axb4 36.Qe6+ Kf8 37.axb4 Qa7
38.Qd6+ Kg8 39.Qc6 Qa1+ 40.Kg2 Qd4 41.Qe8+ Kh7 42.Qxh5+ Kg8 43.Qe2 Kh7 44.h5 Kh8
45.f3 Kh7 46.Qc2 Qf4 47.c5 bxc5 48.bxc5 e4 49.fxe4 Qg4+ 50.Kf1 Qf3+ 51.Ke1 Qe3+
52.Kd1 Qf3+ 53.Kc1 Qe3+ 54.Kb2 Qd4+ 55.Kb3 Qd8 56.Kc4 Qd7 57.Kc3 Qb5 58.Kd4 Qd7+
59.Ke3 Qc7 60.Kf3 Qc6 61.h6 gxh6 62.Qg2 h5 63.Qg6+ Kh8 64.Qxh5+ Kg7 65.Qg6+ Kh8
66.Qh6+ Kg8 67.Qe3 Qb5 68.Kg3 Qb8+ 69.Kh3 Kh7 70.Qg3 Qb2 71.c6 Qa1 72.Qf3 Qc1
73.Qh5+  1-0

[Event "4th South Bohemia Open"]
[Site "Cesky Krumlov CZE"]
[Date "2010.11.21"]
[Round "1"]
[White "Chudinovskikh,A"]
[Black "Vahala,T"]
[Result "1-0"]
[WhiteElo "2280"]
[BlackElo "1876"]

1.e4 c5 2.Nf3 d6 3.Bb5+ Bd7 4.Bxd7+ Qxd7 5.c4 Nc6 6.d4 cxd4 7.Nxd4 g6 8.Nc3 Bg7
9.Be3 Nf6 10.h3 O-O 11.O-O Rac8 12.b3 b6 13.Rc1 Nxd4 14.Bxd4 Qb7 15.Qd3 Rfd8
16.Rfd1 Rd7 17.f4 Rcd8 18.Nd5 Nxd5 19.exd5 Bxd4+ 20.Qxd4 e6 21.Qf6 Re8 22.Rc3 exd5
23.Rxd5 Re6 24.Qd4 Qc7 25.Rd3 f5 26.Kh2 Qd8 27.Qf2 Qe7 28.Qg3 Qf6 29.Qf3 Qe7
30.R5d4 Kg7 31.Qa8 Rd8 32.Qd5 Qf6 33.b4 Qe7 34.Qc6 d5 35.Qb5 a6 36.Qxa6 dxc4
37.Rxd8 cxd3 38.Qxd3 Qxb4 39.Rd4 Qc5 40.a3 Re7 41.Kg3 Qa5 42.Kh2 Qc5 43.Rc4 Qe3
44.Qd5 Qe6 45.Qd4+ Qf6 46.Qd8 Qe6 47.Rc8 Kh6 48.Qf8+ Kh5 49.Rc3 Qe2 50.Rg3 h6
51.Rg5+  1-0

[Event "16th Asian Games Team Men"]
[Site "Guangzhou CHN"]
[Date "2010.11.23"]
[Round "6"]
[White "Al Tamimi,H"]
[Black "Gopal,G"]
[Result "1/2-1/2"]
[WhiteElo "2236"]
[BlackElo "2609"]

1.e4 c5 2.Nf3 d6 3.Bb5+ Nd7 4.d4 cxd4 5.Qxd4 a6 6.Bxd7+ Bxd7 7.Nc3 e5 8.Qd3 h6
9.a4 Nf6 10.O-O Rc8 11.Nd2 Qc7 12.Re1 Be7 13.Nf1 O-O 14.Ne3 Be6 15.Ned5 Nxd5
16.Nxd5 Bxd5 17.Qxd5 Qc6 18.Qb3 Rc7 19.c3 b5 20.axb5 axb5 21.f3 Qc4 22.Qxc4 bxc4
23.Ra4 f5 24.Kf2 Kh7 25.exf5 Rxf5 26.Re4 d5 27.g4 Bc5+ 28.Ke2 Rxf3 29.Kxf3 Rf7+
30.Rf4 exf4 31.Ra5 Bg1 32.h4 d4 33.cxd4 Bxd4 34.Ra4 g5 35.Rxc4 Bg7 36.hxg5 hxg5
37.Rc5 Bf6 38.Bd2 Rd7 39.Bc3 Be7 40.Re5 Kg6 41.Ke4 Kf7 42.Rf5+ Ke6 43.Re5+ Kf7
44.Rf5+ Kg6 45.Re5 Bd8 46.Re8 Be7 47.Rg8+ Kf7 48.Rg7+ Ke6 49.Rg6+ Kf7 50.Rg7+ Kf8
51.Bf6 Rb7 52.Bc3 Rb6 53.Rh7 Ke8 54.Rh8+ Kd7 55.Rh7 Re6+ 56.Kf5 Re2 57.Bb4 Ke8
58.Bxe7 Rxe7 59.Rh8+ Kf7 60.Kxg5 f3 61.Rh1 Re2 62.Rf1 Rxb2 63.Rxf3+ Kg7  1/2-1/2

[Event "4th South Bohemia Open"]
[Site "Cesky Krumlov CZE"]
[Date "2010.11.24"]
[Round "4"]
[White "Chudinovskikh,A"]
[Black "Ivanovic,Mir"]
[Result "1-0"]
[WhiteElo "2280"]
[BlackElo "2174"]

1.e4 c5 2.Nf3 d6 3.Bb5+ Nd7 4.c3 Nf6 5.Qe2 a6 6.Ba4 Qc7 7.Bc2 g6 8.d4 e5
9.O-O Bg7 10.dxc5 dxc5 11.a4 b6 12.Na3 O-O 13.Bg5 Bb7 14.Nc4 Rfe8 15.Rfd1 Re6
16.Rd2 b5 17.axb5 axb5 18.Rxa8+ Bxa8 19.Na3 b4 20.Nc4 Bc6 21.Qd1 h6 22.Bh4 bxc3
23.bxc3 Nb6 24.Nxb6 Qxb6 25.Bxf6 Bxf6 26.Bb3 Re7 27.Rd6 Kg7 28.h3 Qc7 29.Bc2 Qb7
30.Qd3 Re8 31.Qc4 Be7 32.Rd1 Bf8 33.Ba4 Re6 34.Bxc6 Qxc6 35.Rd5 f6 36.Nh4 Rd6
37.Qd3 Kf7 38.c4 Qa6 39.Kh2 Be7 40.Qg3 f5 41.exf5 Bxh4 42.fxg6+ Kg7 43.Qxh4 Rxd5
44.cxd5 c4 45.Qe7+ Kxg6 46.d6 c3 47.Qe6+ Kh7 48.Qf7+  1-0

[Event "XXIII Belgrade Trophy"]
[Site "Obrenovac SRB"]
[Date "2010.11.24"]
[Round "1.23"]
[White "Dimic,P"]
[Black "Blesic,V"]
[Result "1/2-1/2"]
[WhiteElo "1996"]
[BlackElo "2426"]

1.e4 c5 2.Nf3 d6 3.Bb5+ Bd7 4.Bxd7+ Nxd7 5.c4 Ngf6 6.Nc3 g6 7.O-O Bg7 8.d4 cxd4
9.Nxd4 O-O 10.b3 a6 11.Be3 Qa5 12.Nd5 Rfe8 13.f3 Nxd5 14.exd5 b5 15.Nc6 Qc3
16.Qe2 bxc4 17.Rac1 Qd3 18.Qxd3 cxd3 19.Rfd1 Ne5 20.h3 a5 21.f4 Nxc6 22.dxc6 Bb2
23.Rc4 d5 24.Rc5 e6 25.Rxd3 Rec8 26.Bd2 Ba3 27.Rxa5 Rxa5 28.Bxa5 Rxc6 29.Rc3 Ra6
30.Rc8+ Kg7 31.Bc3+ Kh6 32.Be5 g5 33.Rg8 Bc5+ 34.Kh1 Be3 35.g4 Bxf4  1/2-1/2

[Event "60th ch-RUS w"]
[Site "Moscow RUS"]
[Date "2010.11.26"]
[Round "10"]
[White "Nebolsina,V"]
[Black "Bodnaruk,A"]
[Result "0-1"]
[WhiteElo "2377"]
[BlackElo "2407"]

1.e4 c5 2.Nf3 d6 3.Bb5+ Nc6 4.Bxc6+ bxc6 5.O-O e5 6.c3 Bg4 7.d4 cxd4 8.cxd4 exd4
9.Qa4 Qb6 10.Nxd4 Bd7 11.Nf5 Nf6 12.Nc3 Bxf5 13.exf5 Be7 14.Re1 Qb7 15.g4 h6
16.h4 O-O 17.g5 Nd5 18.Nxd5 cxd5 19.Qd4 Bd8 20.Bd2 Rc8 21.b3 Rc2 22.Rad1 Rxa2
23.gxh6 Bf6 24.Qg4 Qxb3 25.hxg7 Rb8 26.Bg5 Qc3 27.Re3 Qb2 28.Qg2 Ra1 29.Qxd5 Bd4
30.Rxa1 Qxa1+ 31.Kh2 Bxe3 32.Qxd6 Re8 33.Bxe3 Qe5+ 34.Qxe5 Rxe5 35.Bxa7 Rxf5
36.Bd4 Rf4 37.Be5 Rxh4+ 38.Kg3 Rh6 39.Kg4 f6 40.Bd4 Kxg7 41.Kf5 Kf7 42.f4 Rh5+
43.Ke4 Ke6 44.Ba7 Rb5 45.Be3 Rb4+ 46.Kf3 Kf5 47.Bd2 Rb3+  0-1

[Event "XXIII Belgrade Trophy"]
[Site "Obrenovac SRB"]
[Date "2010.11.26"]
[Round "3.43"]
[White "Peovic,M"]
[Black "Arandjelovic,D"]
[Result "1-0"]
[WhiteElo "2228"]
[BlackElo "2056"]

1.e4 c5 2.Nf3 d6 3.Bb5+ Bd7 4.Bxd7+ Nxd7 5.O-O e5 6.c3 Ngf6 7.Re1 Be7 8.d4 cxd4
9.cxd4 O-O 10.Nc3 Re8 11.Qb3 Qb6 12.Qxb6 Nxb6 13.Nb5 Rec8 14.Bg5 Nbd7 15.Rac1 a6
16.Nc3 h6 17.Bh4 Rc4 18.Nd5 Rxc1 19.Nxe7+ Kf8 20.Rxc1 Kxe7 21.Bxf6+ Kxf6
22.Rc7 Ke6 23.Rxb7 Rc8 24.Kf1 Rc4 25.d5+ Ke7 26.Nd2 Rc2 27.Ke2 Kd8 28.Kd1 Rc5
29.Ra7 Rb5 30.b3 f5 31.f3 fxe4 32.fxe4 Nc5 33.Ke2 Rb7 34.Ra8+ Ke7 35.Ke3 Kf6
36.Nc4 Ke7 37.Na5 Rb6 38.Nc6+ Kf6 39.b4 Ne6 40.a3 g6 41.Rc8 Ng5 42.h4 Nf7
43.g4 Rb7 44.Ra8 Rb6 45.a4 h5 46.gxh5 gxh5 47.a5 Rb7 48.Rxa6 Nh8 49.Rb6 Rg7
50.a6 Rg3+ 51.Kf2 Ra3 52.Na5  1-0

[Event "XXIII Belgrade Trophy"]
[Site "Obrenovac SRB"]
[Date "2010.11.27"]
[Round "4.10"]
[White "Radlovacki,J"]
[Black "Szabo,G ROM"]
[Result "1/2-1/2"]
[WhiteElo "2415"]
[BlackElo "2540"]

1.e4 c5 2.Nf3 d6 3.Bb5+ Nd7 4.O-O Nf6 5.Re1 a6 6.Bf1 b6 7.c3 Bb7 8.d3 c4
9.d4 Bxe4 10.Bxc4 d5 11.Bf1 e6 12.Nbd2 Bxf3 13.Qxf3 Bd6 14.Bd3 O-O 15.Qh3 Qc7
16.Nf1 b5 17.a3 Rfb8 18.Bd2 a5 19.Rac1 Qb6 20.Be3 Rc8 21.f4 Qb8 22.f5 e5
23.g4 e4 24.Be2 h6 25.Bd2 Ra7 26.Qe3 Nb6 27.Bxb5 Nxg4 28.Qe2 Nf6 29.a4 Nc4
30.Rc2 Nxd2 31.Rxd2 Bf4 32.Ne3 g5 33.fxg6 fxg6 34.Rc2 Rf8 35.c4 dxc4 36.Nxc4 Qd8
37.Rd1 Rc7 38.Ne5 Rxc2 39.Qxc2 Bxe5 40.dxe5 Qb6+ 41.Kh1 Ng4 42.Rf1 Nf2+ 43.Kg2 e3
44.Rc1 Qb7+ 45.Qc6 Qxc6+ 46.Rxc6 Ne4 47.Rc2 Nd2 48.Rc3 Rf2+ 49.Kh3 e2 50.Rc1 h5
51.Re1 Rf3+ 52.Kg2 h4 53.Bxe2 h3+ 54.Kg1 Rf5  1/2-1/2